000
00329nam a22001457a 4500
003
SGT
082
_a
615.53
_b
R20S
100
_a
SHARMA, SHREE RAM
245
_a
RIGVED SAMHITA
260
_a
MATHURA
_b
YUG NIRMAN YOJNAA VISTAR TRUST
_c
2020
300
_a
414
650
_a
AYURVEDA
653
_a
RIGVED, SAMHITA
942
_2
ddc
_c
BK
999
_c
32261
_d
32261